Loading...
| History - American | 3 | 1 | 0 | 1 | 55 | 55 | 82.50 | 0 | 2 | 11.21 | 15.17 |
| Literature - European | 2 | 3 | 1 | 1 | 55 | 94 | 108.20 | 2 | 3 | 8.67 | 28.89 |
| Literature - British | 1 | 4 | 0 | 0 | 55 | 82 | 118.80 | 0 | 3 | 6.27 | 25.00 |
| History - World | 1 | 5 | 2 | 0 | 55 | 77 | 93.83 | 0 | 2 | 12.63 | 27.93 |
| Visual Arts | 0 | 5 | 2 | 3 | 40 | 88 | 125.20 | 0 | 2 | 3.46 | 18.92 |
| Science - Biology | 1 | 3 | 1 | 1 | 40 | 70 | 103.75 | 0 | 3 | 6.79 | 21.79 |
| History - European | 1 | 2 | 0 | 0 | 35 | 70 | 94.33 | 0 | 2 | 6.98 | 12.92 |
| Literature - American | 1 | 2 | 0 | 0 | 35 | 67 | 89.67 | 1 | 2 | 7.63 | 15.85 |
| Fine Arts - Classical Music and Opera | 0 | 4 | 1 | 0 | 35 | 98 | 113.75 | 0 | 2 | 4.11 | 16.48 |
| Beliefs | 0 | 2 | 0 | 1 | 20 | 90 | 112.50 | 0 | 1 | 1.62 | 4.52 |
| Fine Arts - Other Arts | 1 | 1 | 1 | 0 | 20 | 79 | 95.50 | 0 | 1 | 5.32 | 7.92 |
| Literature - World | 0 | 2 | 0 | 1 | 20 | 124 | 129.50 | 0 | 0 | 2.27 | 8.33 |
| Other Academic | 1 | 0 | 0 | 0 | 15 | 60 | 60.00 | 0 | 1 | 9.15 | 15.00 |
| Geography | 0 | 1 | 0 | 0 | 10 | 104 | 104.00 | 0 | 1 | 9.91 | 23.33 |
| Science - Other | 0 | 1 | 0 | 0 | 10 | 88 | 88.00 | 0 | 1 | 1.52 | 3.54 |
| History - Ancient | 0 | 2 | 2 | 0 | 10 | 82 | 103.00 | 1 | 2 | 5.66 | 18.18 |
| Social Science | 0 | 1 | 2 | 0 | 0 | 77 | 77.00 | 0 | 1 | 1.96 | 3.81 |
| Philosophy | 0 | 0 | 1 | 0 | -5 | 0.00 | 0 | 0 | 0.00 | 0.00 |